000 00435nam a2200169Ia 4500
003 GCL
008 140319s9999 xx 000 0 ara d
040 _aGCL /
_cGCL
082 0 4 _aط
_b813.02
_bد ا
100 1 _aدار الشروق
245 1 0 _aالاميرة والعرف الذهبى /
_cدار الشروق
300 _a24 ص
490 _a
650 0 4 _aالاطفال
650 0 4 _aقصص الاطفال
942 _2ddc
_cBK
999 _c46252
_d46252